Densegaño de religiosos de almas que tratan de virtud (Record no. 8210)
[ view plain ]
| 000 -CABECERA | |
|---|---|
| campo de control de longitud fija | 01410nam a2200313 a 4500 |
| 001 - NÚMERO DE CONTROL | |
| campo de control | BRCA_8547 |
| 005 - FECHA Y HORA DE LA ÚLTIMA TRANSACCIÓN | |
| campo de control | 20190320210328.0 |
| 008 - DATOS DE LONGITUD FIJA--INFORMACIÓN GENERAL | |
| campo de control de longitud fija | 150816s1678----sp-#######---#000-0#spa-# |
| 041 ## - CÓDIGO DE LENGUA | |
| Código de lengua del texto/banda sonora o título independiente | spa |
| 044 ## - CÓDIGO DEL PAÍS DE LA ENTIDAD EDITORA/PRODUCTORA | |
| Código MARC del país | sp |
| 050 #4 - SIGNATURA TOPOGRÁFICA DE LA BIBLIOTECA DEL CONGRESO | |
| Número de clasificación | BL290 |
| -- | .D45 |
| Número de documento/Ítem | 1678 |
| 100 1# - ENTRADA PRINCIPAL--NOMBRE DE PERSONA | |
| Nombre de persona | De la antigua, Sor María |
| 9 (RLIN) | 21424 |
| 245 10 - MENCIÓN DE TÍTULO | |
| Título | Densegaño de religiosos de almas que tratan de virtud |
| Mención de responsabilidad, etc. | Por la V. madre Sor María De la antigua. |
| 260 ## - PUBLICACIÓN, DISTRIBUCIÓN, ETC. | |
| Lugar de publicación, distribución, etc. | Sevilla |
| Nombre del editor, distribuidor, etc. | Juan Gabecas |
| Fecha de publicación, distribución, etc. | 1678 |
| 300 ## - DESCRIPCIÓN FÍSICA | |
| Extensión | 814 p. |
| Dimensiones | 27 cm |
| 500 ## - NOTA GENERAL | |
| Nota general | Fondo antiguo |
| 500 ## - NOTA GENERAL | |
| Nota general | Se encuentra en Caja Fuerte |
| 500 ## - NOTA GENERAL | |
| Nota general | W-146 |
| 500 ## - NOTA GENERAL | |
| Nota general | Incluye índice de las cosas notables que se contienen en este libro |
| 500 ## - NOTA GENERAL | |
| Nota general | Con licencia de la orden, aprobación del M. R. Fr. Alonso Calderón y R. P. Fr. Gabriel de la Siena Rubalcaba, censura del M. R. P. Iván de Cardenas. Tassa y fe de las erratas |
| 500 ## - NOTA GENERAL | |
| Nota general | Grabado que se localiza antes de la introducción, grabado de Sor María de la Antigua en Fol. I |
| 500 ## - NOTA GENERAL | |
| Nota general | Texto impreso a dos columnas |
| 500 ## - NOTA GENERAL | |
| Nota general | Estado físico: presenta daño por polilla en algunas páginas del documento |
| 500 ## - NOTA GENERAL | |
| Nota general | Nota de encuadernación: piel pergamino con broches en piel, se encuentra desprendida del lomo |
| 506 0# - NOTA DE RESTRICCIONES AL ACCESO | |
| Limitaciones de acceso | Fondo reservado: para su consulta es necesario credencial de usuario y carta de motivos |
| 650 14 - PUNTO DE ACCESO ADICIONAL DE MATERIA--TÉRMINO DE MATERIA | |
| Término de materia o nombre geográfico como elemento de entrada | Misticismo |
| Subdivisión de forma | Obras anteriores a 1800 |
| 9 (RLIN) | 21425 |
| 902 ## - CATALOGADOR | |
| Iniciales | LAR |
| 942 ## - ELEMENTOS DE PUNTO DE ACCESO ADICIONAL (KOHA) | |
| Fuente del sistema de clasificación o colocación | Library of Congress Classification |
| Tipo de ítem Koha | Libros |
| Estado de retiro | Estado de pérdida | Estado dañado | No para préstamo | Localización permanente | Ubicación/localización actual | Fecha de adquisición | Número de inventario | Total de préstamos | Signatura topográfica completa | Código de barras | Fecha visto por última vez | Precio válido a partir de | Tipo de ítem Koha |
|---|---|---|---|---|---|---|---|---|---|---|---|---|---|
| El ejemplar forma parte de la colección y puede ser consultado según las políticas vigentes. | Biblioteca del Museo Franz Mayer (Rogerio Casas-Alatriste) | Biblioteca del Museo Franz Mayer (Rogerio Casas-Alatriste) | 15/08/2016 | W-146 | BL290 1678 .D45 (W-146) | LAR00050 | 22/03/2019 | 22/03/2019 | Libros |